000 00596nam a2200205 u 4500
005 20210223131816.0
008 120828s2007 r 000 0 eng d
020 _a9789687884950
035 _aUPN01000186368
049 _aF
050 4 _aND259 R5.2
_bM3.2
100 1 _aMartínez, Patricia
_933135
245 1 0 _aDiego Rivera :
_bpintar en grande /
_cPatricia Martínez ; il. José Zepeda.
260 _aMéxico :
_bAndrés Bello,
_c2007.
300 _a46 p. :
_bil. col.
440 0 _aIntroduciéndote a...
600 1 4 _aRIVERA, DIEGO,
_d1886-1957
905 _aLibro
999 _c158471
_d158471